| 000 | 00548nam a22001937a 4500 | ||
|---|---|---|---|
| 003 | KOHA_MİRAKIL | ||
| 005 | 20251107133427.0 | ||
| 008 | 251107b tu ||||| |||| 00| 0 tur d | ||
| 020 | _a9789756227817 | ||
| 040 |
_aTR-AnABB _btur _cTR-AnABB |
||
| 041 | _atur | ||
| 082 |
_a808.06831 _bGER 2010 |
||
| 100 | 1 | _aGeridönmez, Suzan, | |
| 245 | 1 | 0 |
_aKolaysa ağlama / _cSuzan Geridönmez |
| 260 |
_aİstanbul : _bGünışığı Kitaplığı, _c2010 |
||
| 300 |
_a197 sayfa ; _c18 cm |
||
| 650 | 0 | 4 | _aTürk edebiyatı, roman |
| 942 |
_2ddc _cBK |
||
| 999 |
_c9296 _d9296 |
||
| 900 | _bGizem YORULMAZ | ||